載入...
K P R Gopalan
| 主要作者: | |
|---|---|
| 格式: | Printed Book |
| 語言: | Undetermined |
| 出版: |
Thiruvananthapuram
Govt. of Kerala
2001
|
| 主題: |
| LEADER | 00499nam a2200157Ia 4500 | ||
|---|---|---|---|
| 008 | 140316s9999 xx 000 0 und d | ||
| 020 | |a 8186365915 | ||
| 082 | |a 920 |b ANI/KP | ||
| 100 | |a Anilkumar,A V | ||
| 245 | |a K P R Gopalan | ||
| 260 | |a Thiruvananthapuram |b Govt. of Kerala |c 2001 | ||
| 300 | |a 148 | ||
| 650 | |a biography | ||
| 942 | |2 ddc |c BK | ||
| 999 | |c 7619 |d 7619 | ||
| 952 | |0 0 |1 0 |2 ddc |4 0 |6 920_000000000000000_ANIKP |7 0 |9 8781 |a KAUCLV |b KAUCLV |c GENERAL |d 2014-03-18 |o 920 ANI/KP |p 215592 |r 2014-03-18 |w 2014-03-18 |y BK | ||